Environment, politics and activism: the role of media (Record no. 8384)

MARC details
000 -LEADER
fixed length control field 00388nam a2200157Ia 4500
020 ## - INTERNATIONAL STANDARD BOOK NUMBER
ISBN 9781138795631
082 ## - DEWEY DECIMAL CLASSIFICATION NUMBER
Classification number 333.72 ENV;
245 #0 - TITLE STATEMENT
Title Environment, politics and activism: the role of media
260 ## - PUBLICATION, DISTRIBUTION, ETC. (IMPRINT)
Place of publication New Delhi
Name of publisher Routledge
Year of publication 2014
300 ## - PHYSICAL DESCRIPTION
Number of Pages ix, 221
650 ## - SUBJECT ADDED ENTRY--TOPICAL TERM
Topical Term RAGPICKERS
650 ## - SUBJECT ADDED ENTRY--TOPICAL TERM
Topical Term MASS MEDIA
650 ## - SUBJECT ADDED ENTRY--TOPICAL TERM
Topical Term CLIMATIC CHANGES
700 ## - ADDED ENTRY--PERSONAL NAME
Personal name Batabyal, Somnath
942 ## - ADDED ENTRY ELEMENTS (KOHA)
Koha item type Books
Holdings
Withdrawn status Lost status Damaged status Not for loan Home library Current library Date acquired Source of acquisition Bill Date Full call number Accession Number Price effective from Koha item type
        NASSDOC Library NASSDOC Library 15/12/2014 RKB 2014-11-19 333.72 ENV; 48528 18/04/2019 Books